<?xml version="1.0" encoding="UTF-8"?>
<record
    xmlns:xsi="http://www.w3.org/2001/XMLSchema-instance"
    xsi:schemaLocation="http://www.loc.gov/MARC21/slim http://www.loc.gov/standards/marcxml/schema/MARC21slim.xsd"
    xmlns="http://www.loc.gov/MARC21/slim">

  <leader>00922nam a22001457a 4500</leader>
  <datafield tag="999" ind1=" " ind2=" ">
    <subfield code="c">533303</subfield>
    <subfield code="d">533303</subfield>
  </datafield>
  <controlfield tag="008">260508b           ||||| |||| 00| 0 eng d</controlfield>
  <datafield tag="100" ind1=" " ind2=" ">
    <subfield code="a">Emerson, Shanimol and Nair, Sindhu S. </subfield>
    <subfield code="9">60452</subfield>
  </datafield>
  <datafield tag="245" ind1=" " ind2=" ">
    <subfield code="a">Climate chance and energy resilience: An analytical study of the power sector in Kerala </subfield>
  </datafield>
  <datafield tag="260" ind1=" " ind2=" ">
    <subfield code="a">Social Science in Perspective  </subfield>
  </datafield>
  <datafield tag="300" ind1=" " ind2=" ">
    <subfield code="a">18(1), Jan-Mar, 2026: p.110-147</subfield>
  </datafield>
  <datafield tag="520" ind1=" " ind2=" ">
    <subfield code="a">Kerala has been experiencing severs climate changes, mirroring a global challenge that effects multiple sectors, including energy. The state&#x2019;s energy infrastructure is particularly vulnerable to rising temperatures, shafting precipitation patterns, and the increasing frequency of extreme weather events. &#x2013;Reproduced </subfield>
  </datafield>
  <datafield tag="650" ind1=" " ind2=" ">
    <subfield code="a">Climate change, electricity demand, Electricity supply, Kerala, Power crisis, energy efficiency, Adaptation strategies. </subfield>
    <subfield code="9">60453</subfield>
  </datafield>
  <datafield tag="773" ind1=" " ind2=" ">
    <subfield code="a">Social Science in Perspective  </subfield>
  </datafield>
  <datafield tag="942" ind1=" " ind2=" ">
    <subfield code="c">AR</subfield>
  </datafield>
  <datafield tag="952" ind1=" " ind2=" ">
    <subfield code="0">0</subfield>
    <subfield code="1">0</subfield>
    <subfield code="2">ddc</subfield>
    <subfield code="4">0</subfield>
    <subfield code="7">0</subfield>
    <subfield code="9">408473</subfield>
    <subfield code="a">IIPA</subfield>
    <subfield code="b">IIPA</subfield>
    <subfield code="d">2026-05-08</subfield>
    <subfield code="h">18(1), Jan-Mar, 2026: p.110-147</subfield>
    <subfield code="p">AR138815</subfield>
    <subfield code="r">2026-05-08</subfield>
    <subfield code="y">AR</subfield>
  </datafield>
</record>
